00643nam a2200193Ia 4500008004100000020001800041082001700059100002200076245007800098250000700176260003000183300003100213500001900244600002700263650001500290942000700305952012000312999001700432240925s9999 xx 000 0 und d a9780123725394 a621.3821 VER aVerdone , Roberto 0aWireless Sensor and Actuator Networks, Technologies, Analysis and Design  aNA aLondon:bElsevierc,2008. axviii,1136p.bNAfOriginal aIncludes Index aElectronic Engineering aTechnology cBK 001040708ELaUITUbUITUd2018-11-05eP.I.A g845.30l0o621.3821 VERpQ7710r2024-09-25 07:14:42w2024-09-25yBK c10209d10209